[Event "Porto Sant Elpidio op-A 11th"]
[Site "Porto Sant Elpidio"]
[Date "2008.11.30"]
[Round "6"]
[White "Padovani, Alessio"]
[Black "Binci, Filippo"]
[Result "1-0"]
[WhiteElo "1957"]
[BlackElo "1861"]
[PlyCount "81"]
[EventDate "2008.11.22"]
[EventType "swiss"]
[EventRounds "6"]
[EventCountry "ITA"]
[SourceTitle "EXT 2011"]
[Source "ChessBase"]
[SourceDate "2010.11.26"]
[SourceVersion "1"]
[SourceVersionDate "2010.11.26"]
[SourceQuality "1"]

1. c4 Nf6 2. g3 g6 3. Bg2 Bg7 4. Nc3 0-0 5. Nf3 d6 6. d3 e5 7. Bg5 Nbd7 8. Rc1 c6 9. b4 h6 10. Bd2 Qc7 11. 0-0 Re8 12. a4 e4 13. dxe4 Nxe4 14. Nxe4 Rxe4 15. Bf4 Re6 16. c5 Ne5 17. cxd6 Rxd6 18. Qc2 Qe7 19. Nxe5 Bxe5 20. Be3 Re6 21. b5 cxb5 22. Bd5 Rf6 23. axb5 Bh3 24. Rfd1 Kg7 25. f4 Rc8 26. Qd2 Rxc1 27. Rxc1 Bb2 28. Rc2 Rd6 29. Bc5 Bf6 30. e4 Qd7 31. Bxd6 Qxd6 32. e5 Qb6+ 33. Qf2 Qxb5 34. exf6+ Kh7 35. Ba2 Qd3 36. Re2 Qd1+ 37. Re1 Qd7 38. Bxf7 Qc6 39. Be8 Qxf6 40. Qe3 Kg8 41. Ba4 1-0

[Event "Porto Sant Elpidio op-B 10th"]
[Site "Porto Sant Elpidio"]
[Date "2007.12.02"]
[Round "5"]
[White "Basso, Fabrizio"]
[Black "Binci, Filippo"]
[Result "1-0"]
[WhiteElo "1706"]
[BlackElo "1488"]
[PlyCount "79"]
[EventDate "2007.11.24"]
[EventType "swiss"]
[EventRounds "6"]
[EventCountry "ITA"]
[SourceTitle "EXT 2010"]
[Source "ChessBase"]
[SourceDate "2010.11.25"]
[SourceVersion "1"]
[SourceVersionDate "2010.11.25"]
[SourceQuality "1"]

1. e4 c6 2. d4 d5 3. e5 Bf5 4. Nf3 e6 5. Bd3 Ne7 6. Bg5 Bxd3 7. Qxd3 h6 8. Bh4 Qd7 9. a4 Nf5 10. Bg3 c5 11. c3 Nc6 12. Nbd2 a6 13. 0-0 b6 14. Nh4 Nxh4 15. Bxh4 Ne7 16. f4 Nf5 17. Bf2 h5 18. Nf3 c4 19. Qe2 f6 20. exf6 gxf6 21. Nh4 Nxh4 22. Bxh4 Qf7 23. f5 Rh6 24. Rae1 Be7 25. Qxe6 Rb8 26. Qc6+ Kf8 27. Re6 Qe8 28. Qxe8+ Kxe8 29. Rfe1 Rb7 30. Bxf6 Rh7 31. Bh4 Kf8 32. f6 Bxf6 33. Rxf6+ Rhf7 34. Rxf7+ Kxf7 35. Re5 Rd7 36. Rxh5 Kg6 37. Re5 Kf7 38. Kf2 b5 39. axb5 axb5 40. Kf3 1-0

[Event "Porto Sant Elpidio op-B 10th"]
[Site "Porto Sant Elpidio"]
[Date "2007.11.25"]
[Round "3"]
[White "Di Mantino, Mauro"]
[Black "Binci, Filippo"]
[Result "1-0"]
[WhiteElo "1726"]
[BlackElo "1488"]
[PlyCount "103"]
[EventDate "2007.11.24"]
[EventType "swiss"]
[EventRounds "6"]
[EventCountry "ITA"]
[SourceTitle "EXT 2010"]
[Source "ChessBase"]
[SourceDate "2010.11.25"]
[SourceVersion "1"]
[SourceVersionDate "2010.11.25"]
[SourceQuality "1"]

1. e4 c6 2. Nc3 d5 3. Nf3 Bg4 4. h3 Bxf3 5. Qxf3 e6 6. a3 Nd7 7. d4 Bd6 8. e5 Bc7 9. Qg4 g6 10. Bg5 Ne7 11. Bd3 h6 12. Qh4 h5 13. 0-0 a6 14. b4 Nf8 15. Na4 b6 16. f4 Nh7 17. g4 Nxg5 18. fxg5 a5 19. Nc3 b5 20. Qf2 Rf8 21. Nxb5 Rb8 22. Nxc7+ Qxc7 23. gxh5 Nf5 24. Bxf5 exf5 25. c3 a4 26. Rae1 Qe7 27. Qf4 Rd8 28. h4 Rh8 29. h6 Rh7 30. Re3 Rd7 31. e6 fxe6 32. Rfe1 Qd8 33. Rxe6+ Rde7 34. Rxe7+ Rxe7 35. Rxe7+ Qxe7 36. Qe5 Qxe5 37. dxe5 Kf7 38. e6+ Kxe6 39. h7 f4 40. h8Q Kf5 41. Kf2 Kg4 42. Qc8+ Kxh4 43. Kf3 Kxg5 44. Qg4+ Kf6 45. Qxf4+ Ke6 46. Ke3 Ke7 47. Kd4 Ke6 48. Qe5+ Kd7 49. Kc5 Kc8 50. Kxc6 Kd8 51. Qe6 d4 52. Qd7# 1-0

[Event "Porto Sant Elpidio op U16 9th"]
[Site "Porto Sant Elpidio"]
[Date "2006.11.19"]
[Round "2"]
[White "Ferretti, Francesco Maria"]
[Black "Binci, Filippo"]
[Result "0-1"]
[WhiteElo "1449"]
[BlackElo "1497"]
[PlyCount "90"]
[EventDate "2006.11.18"]
[EventType "swiss"]
[EventRounds "6"]
[EventCountry "ITA"]
[SourceTitle "EXT 2011"]
[Source "ChessBase"]
[SourceDate "2010.11.26"]
[SourceVersion "1"]
[SourceVersionDate "2010.11.26"]
[SourceQuality "1"]

1. d4 Nf6 2. c4 g6 3. Nc3 Bg7 4. Nf3 0-0 5. b3 d6 6. e3 Nbd7 7. Bd3 c6 8. 0-0 Qc7 9. Ba3 Re8 10. Ne4 b6 11. Rc1 Nxe4 12. Bxe4 Ba6 13. Re1 Nf6 14. Nd2 Nxe4 15. Nxe4 c5 16. dxc5 bxc5 17. Qd2 Bb7 18. Nc3 Qc6 19. f3 a6 20. Qd5 Qxd5 21. Nxd5 Bxd5 22. cxd5 e6 23. Rcd1 Rad8 24. Re2 h5 25. Bb2 Bxb2 26. Rxb2 exd5 27. Rxd5 Rxe3 28. Rbd2 Re6 29. Rxc5 Kf8 30. Rc6 d5 31. Rxe6 fxe6 32. Kf2 Kf7 33. Rc2 Rd6 34. g4 h4 35. g5 e5 36. Re2 Ke6 37. Kg2 Kf5 38. Kh3 Kxg5 39. Rxe5+ Kf4 40. Re8 d4 41. Rc8 d3 42. Rc1 Kxf3 43. Rc3 Ke2 44. Rc4 d2 45. Re4+ Kf3 0-1